000 00726nam a2200205Ii 4500
003 JO-AjNU
008 230605s9999||||xx |||||||||||||| ||und||
040 _aJO-AjNU
_bara
_erda
_cJO-AjNU
041 _aara
050 1 4 _aPJ6171.Z3 1989
100 3 _aصنعه الزمخشري،جار الله؛تحقيق قباوة فخر الدين,
_eauthor
_913428
245 0 0 _aالقسطاس في علم العروض
250 _aط2:مجدده
264 3 1 _aبيروت: مكتبة المعارف، 1989
300 _a142ص
336 _atext
_btxt
_2rdacontent
337 _aunmediated
_bn
_2rdamedia
338 _avolume
_bnc
_2rdacarrier
650 4 _aاللغة العربية-عروض وقوافي-الشعر العربي
_913429
999 _aA3341
_c6909
_d6909